000 00512nam a2200181Ia 4500
008 240925s9999 xx 000 0 und d
020 _a9788184317329
082 _a004.16 GOD
100 _aGodse, P. Atul
245 0 _aMicroprocessors & Microcontrollers
250 _a1st
260 _aPune:
_bTechnical Publications
_c,2009.
300 _av,543p.
_bN.A
_fOriginal
500 _aIncludes Illustration
600 _aComputer Science
650 _aComputer science, information & general works
942 _cBK
999 _c11185
_d11185